[Event "FIDE World Cup 2023"]
[Site "Baku AZE"]
[Date "2023.08.03"]
[Round "2.2"]
[White "Carlsen, M.."]
[Black "Pantsulaia, L.."]
[Result "1-0"]
[WhiteElo "2835"]
[BlackElo "2564"]
[PlyCount "57"]
[EventDate "2023.07.30"]
[EventType "k.o."]
[EventRounds "8"]
[EventCountry "AZE"]
[SourceTitle "The Week in Chess 1500"]
[Source "Mark Crowther"]
[SourceDate "2023.08.07"]
[SourceVersion "1"]
[SourceVersionDate "2023.08.07"]
[SourceQuality "2"]

{[%evp 0,57,19,-12,11,19,40,15,44,13,40,17,115,98,94,88,87,47,60,73,73,4,36,23,129,36,118,9,9,15,22,22,28,28,17,-10,4,-26,7,24,41,5,51,-37,-8,-64,-60,-57,0,0,-16,-5,-5,44,26,44,282,320,29991,29992]} 1. c4 c5 2. Nf3 g6 3. d4 Bg7 4. d5 d6 5. e4 e6 6. h3 Ne7 7. Nc3 h6 8. dxe6 Bxe6 9. Bf4 Nbc6 10. Qxd6 Qa5 11. Qd2 Nb4 12. a3 g5 13. Bh2 Rd8 14. Qc1 Nd3+ 15. Bxd3 Rxd3 16. O-O Bxc4 17. Nd5 Bxd5 18. exd5 Rxd5 19. Re1 Qd8 20. Qc4 Kf8 21. Ne5 Nc6 22. Rad1 Nd4 23. Kh1 b5 24. Qd3 h5 25. Nc6 Qb6 26. Ne7 Rd8 27. Nf5 (27. Nf5 Bf6) 27... Qg6 28. Bc7 Rd7 29. Re8+ (29. Re8+ Kxe8 30. Qe4+ Ne6 31. Qa8+ Nd8 32. Qxd8+ Rxd8 33. Rxd8#) 1-0

[Event "FIDE World Cup 2023"]
[Site "Baku AZE"]
[Date "2023.08.02"]
[Round "2.1"]
[White "Keymer, Vincent"]
[Black "Dardha, Daniel"]
[Result "1-0"]
[WhiteElo "2690"]
[BlackElo "2600"]
[PlyCount "79"]
[EventDate "2023.07.30"]
[EventType "k.o."]
[EventRounds "8"]
[EventCountry "AZE"]
[SourceTitle "The Week in Chess 1500"]
[Source "Mark Crowther"]
[SourceDate "2023.08.07"]
[SourceVersion "1"]
[SourceVersionDate "2023.08.07"]
[SourceQuality "2"]

{[%evp 0,79,34,30,27,-10,26,23,16,28,5,27,28,9,-3,-7,11,27,13,47,47,47,40,34,51,44,59,46,77,47,68,65,82,75,87,119,143,112,112,116,162,217,217,247,247,247,247,228,246,252,275,264,284,283,289,267,276,271,271,276,276,276,276,276,282,291,297,275,298,304,436,431,484,479,494,490,577,588,620,666,666,669]} 1. Nf3 d5 2. g3 g6 3. Bg2 Bg7 4. d4 Nf6 5. O-O c6 6. a4 O-O 7. a5 c5 8. dxc5 Nc6 9. c4 dxc4 10. Nc3 a6 11. Qa4 Nd5 12. Rd1 Nxc3 13. bxc3 Bd7 14. Qxc4 Qc8 15. Nd4 Rd8 16. Be3 Qc7 17. Rdb1 Rac8 18. Rb6 Nxa5 19. Qa2 (19. Qa2 Nc6 20. Qb3 Rb8 21. Bd5 e6 22. Nxc6 Bxc6 23. Bxc6 bxc6 24. Raxa6) 19... Nc4 20. Rxb7 Qxc5 21. Ne6 (21. Ne6 Qd6 22. Nxd8 Bb5 23. Bb6) 21... Qxe3 22. fxe3 Bxe6 23. Rxe7 Bxc3 24. Rf1 Bg7 25. Rxe6 fxe6 26. Bh3 Kh8 27. Bxe6 Nxe3 28. Bxc8 Nxf1 29. Kxf1 Rxc8 30. Qxa6 Rf8+ 31. Kg2 Rf6 32. Qc8+ Rf8 33. Qe6 Rf6 34. Qe7 h5 35. e4 Ra6 36. e5 Ra2+ 37. Kf3 Rxh2 38. e6 Kh7 39. Qf7 Rh1 40. Kg2 1-0

[Event "FIDE World Cup 2023"]
[Site "Baku"]
[Date "2023.08.10"]
[Round "4.2"]
[White "Carlsen, Magnus"]
[Black "Keymer, Vincent"]
[Result "1-0"]
[WhiteElo "2835"]
[BlackElo "2690"]
[PlyCount "123"]
[EventDate "2023.??.??"]

{[%evp 0,123,19,38,25,16,14,23,25,0,4,0,8,-18,-18,-48,-51,-68,-83,-73,-58,-42,-42,-42,-51,-42,-35,-27,-29,-29,-21,-30,-15,-83,-80,-80,18,16,31,4,12,8,9,15,14,15,16,14,15,9,33,15,15,9,12,-47,-9,-53,-67,-60,-57,-43,-35,-42,-42,-43,-19,7,11,7,8,18,28,35,29,30,53,25,32,41,46,52,52,51,47,71,71,44,52,53,85,79,101,91,108,95,95,87,71,87,66,66,66,66,65,72,68,98,124,125,176,200,312,316,345,331,331,334,383,427,447,462,464,488,488,498]} 1. e4 e5 2. Nf3 Nc6 3. Bb5 a6 4. Ba4 Nf6 5. d3 Bc5 6. Bg5 h6 7. Bh4 d6 8. d4 exd4 9. Nxd4 Bd7 10. Bxc6 bxc6 11. Nc3 O-O 12. Qd3 Bb4 13. Nde2 Qe7 14. O-O-O Rfe8 15. f3 Qe5 16. a3 (16. g4) 16... Bxc3 17. Qxc3 Qxc3 (17... Nxe4 18. Qxe5 (18. fxe4 Qxe4) 18... Rxe5 19. fxe4 Rxe4) 18. Nxc3 Nh7 19. g4 f6 20. h3 Nf8 21. Bg3 Ne6 22. h4 Kf7 23. h5 Rad8 24. Rhe1 Bc8 25. Rd3 Bb7 26. Nb1 c5 27. c4 Bc6 28. b3 Rb8 29. Bf2 Rb7 30. Nd2 Reb8 31. Be3 Kg8 32. Kc2 Nd8 33. f4 a5 (33... Nf7) 34. e5 fxe5 35. fxe5 Nf7 36. Bf4 dxe5 37. Bxe5 a4 38. Bc3 axb3+ 39. Kb2 Re8 40. Rxe8+ Bxe8 41. Rd5 Bc6 42. Rxc5 Bd7 43. Bd4 Bxg4 44. a4 Ng5 45. Be3 Nf3 46. Nxf3 Bxf3 47. a5 Rb4 48. Bd2 Ra4 49. Kxb3 Bd1+ 50. Kc3 c6 51. Kd4 Bf3 52. Bc3 Bg2 53. Rf5 Bh3 54. Rf4 Be6 55. Kc5 Ra3 56. Kb4 Ra2 57. Kb3 Re2 58. a6 Bh3 59. a7 Re8 60. Re4 Ra8 61. Re7 c5 62. Rb7 1-0

[Event "FIDE World Cup 2023"]
[Site "Baku AZE"]
[Date "2023.08.11"]
[Round "4.3"]
[White "Nakamura, Hikaru"]
[Black "Praggnanandhaa, R.."]
[Result "0-1"]
[WhiteElo "2787"]
[BlackElo "2690"]
[PlyCount "66"]
[EventDate "2023.07.30"]
[EventType "k.o."]
[EventRounds "8"]
[EventCountry "AZE"]

{[%evp 0,66,22,-21,-3,-23,-5,-14,-17,-17,-25,-29,-29,-47,-35,-39,-21,-50,-1,-95,-98,-134,-134,-129,-126,-149,-152,-147,-146,-212,-212,-212,-220,-220,-225,-229,-238,-225,-225,-225,-228,-259,-269,-273,-264,-392,-392,-386,-386,-604,-329,-318,-255,-250,-244,-444,-444,-476,-475,-810,-529,-529,-529,-558,-560,-657,-626,-716,-716]} 1. c4 Nf6 2. Nc3 e5 3. Nf3 Nc6 4. g3 Bb4 5. Nd5 e4 6. Nh4 (6. Nxb4 Nxb4 7. Nd4 O-O) 6... O-O 7. Bg2 d6 8. O-O (8. a3 Bc5 (8... Ba5 9. b4 Bb6 10. Bb2) 9. O-O Re8 10. e3 g5 11. b4 Bb6 12. Bb2 Nxd5 13. cxd5 Nd4 14. d3 gxh4 15. dxe4) 8... g5 9. a3 (9. d4 Nxd5 10. cxd5 Nb8 11. Qa4) 9... Ba5 10. d3 Nxd5 11. cxd5 Nb8 12. dxe4 (12. Bxg5 Qxg5 13. dxe4) 12... gxh4 13. Bh6 Re8 14. gxh4 (14. Qd4 Re5 15. f4 Bb6) 14... Qxh4 15. Qc1 f6 16. Kh1 Nd7 17. Bf4 (17. Rg1 Ne5 18. Bf3+ Ng6) 17... Ne5 18. Bg3 Qh5 19. Rg1 Ng6 20. f4 Bb6 21. e3 (21. Qc3 Bxg1 22. Rxg1) 21... Kf7 22. e5 dxe5 23. fxe5 Nxe5 24. Qc3 Bh3 (24... Ng4 25. Rae1 Qxh2+ 26. Bxh2 Nf2#) 25. Raf1 Bxg2+ 26. Rxg2 Ng4 27. d6 cxd6 28. Qb3+ d5 29. Qa4 Re4 30. Qd1 Bxe3 31. a4 Rae8 32. Qb3 b6 33. Qb5 Bd4 0-1

[Event "FIDE Womens World Cup 2023"]
[Site "Baku"]
[Date "2023.08.12"]
[Round "4.4"]
[White "Paehtz, Elisabeth"]
[Black "Ju, Wenjun"]
[Result "1-0"]
[WhiteElo "2471"]
[BlackElo "2564"]
[PlyCount "71"]
[EventDate "2023.??.??"]

1. d4 Nf6 2. Nc3 d5 3. Bf4 c5 4. e3 cxd4 5. exd4 a6 6. Nf3 Nc6 7. Ne5 e6 8. g3 Bd7 9. Bg2 Qb6 10. O-O Be7 11. Nxd7 Nxd7 12. Bxd5 Qxb2 13. Bxc6 bxc6 14. Qd3 O-O 15. Rab1 Qa3 16. Rb3 Qa5 17. Rb7 Qd8 18. Bc7 Qc8 19. Rfb1 a5 20. Ne4 Nf6 21. Nxf6+ Bxf6 22. Bd6 Rd8 23. Rc7 Qa6 24. Qxa6 Rxa6 25. Bc5 e5 26. c3 exd4 27. cxd4 h6 28. Rbb7 Bxd4 29. Bxd4 Rxd4 30. Rxf7 Rg4 31. Rfc7 Rg6 32. Rb8+ Kh7 33. h4 a4 (33... c5 34. Rxc5 Rgc6 35. Rxc6 Rxc6 36. Ra8 Rc5 37. Kg2) 34. Rcc8 Rf6 35. h5 g5 36. Rc7+ (36. Rc7+ Rf7 37. Rxf7#) 1-0

[Event "56th Biel GMT Classical 2023"]
[Site "Biel"]
[Date "2023.07.20"]
[Round "3.1"]
[White "Keymer, Vincent"]
[Black "Le, Quang Liem"]
[Result "1-0"]
[WhiteElo "2690"]
[BlackElo "2728"]
[PlyCount "105"]
[EventDate "2023.??.??"]

{[%evp 0,95,39,20,20,-5,24,21,25,25,21,15,15,20,7,1,-4,-1,-4,6,8,-22,-50,-16,-3,-62,-33,-52,-52,-10,-7,-79,-32,-20,-31,-10,-28,5,85,88,121,129,92,89,81,76,76,46,95,101,101,110,109,115,118,104,106,105,105,108,143,131,140,116,131,120,162,173,173,173,173,184,187,203,213,209,244,239,256,246,265,256,236,226,288,275,309,309,309,302,336,336,410,404,29997,395,414,403]} 1. Nf3 d5 2. g3 g6 3. Bg2 Bg7 4. d4 c6 5. O-O Nf6 6. c4 dxc4 7. a4 Ne4 8. Nc3 Nxc3 9. bxc3 O-O 10. a5 c5 11. Qa4 Nc6 12. Rd1 cxd4 13. Nxd4 Nxd4 14. cxd4 Bg4 15. Ra2 Rc8 16. Bxb7 Rc7 17. a6 c3 18. Bf4 Rd7 19. d5 Bf5 20. Be3 c2 21. Rxc2 Bxc2 22. Qxc2 Qa5 23. Qb3 Rd6 24. Qc4 Rb6 25. Bxb6 Qxb6 26. Qe4 Qc5 27. Kg2 Bf6 28. Rd2 Rd8 29. Rc2 Qd4 30. Qxd4 Bxd4 31. e4 e6 32. Rc4 Be5 33. dxe6 fxe6 34. f4 Rd2+ 35. Kf3 Bd4 36. e5 Bg1 37. Bc8 Rxh2 (37... Kf7 38. Rc7+) 38. Bxe6+ Kf8 39. Rc7 Ke8 40. Rb7 Kd8 41. Bg8 h5 42. Bf7 Rf2+ 43. Ke4 Re2+ 44. Kd5 Rd2+ 45. Kc6 Rd3 46. Bxg6 Rxg3 47. f5 Rc3+ 48. Kd5 Rd3+ 49. Ke6 h4 50. f6 Ra3 51. Kf7 Rxa6 52. e6 Kc8 53. Rb4 (53. Rb4 h3 54. e7) 1-0

[Event "56th Biel GMT Classical 2023"]
[Site "Biel"]
[Date "2023.07.21"]
[Round "4.4"]
[White "Keymer, Vincent"]
[Black "Yu, Yangyi"]
[Result "1-0"]
[WhiteElo "2690"]
[BlackElo "2735"]
[PlyCount "141"]
[EventDate "2023.??.??"]

{[%evp 0,115,20,20,27,6,6,6,6,-23,-10,3,8,0,-1,10,5,23,14,14,20,-10,22,2,17,46,61,67,34,44,20,69,58,68,101,115,99,64,78,68,75,68,62,61,93,47,59,69,63,51,55,53,73,54,58,44,59,37,37,41,51,37,43,47,47,40,36,53,33,53,54,58,60,54,60,48,47,59,60,59,60,60,72,79,72,93,88,72,90,90,94,82,73,73,73,69,69,63,67,94,81,90,141,135,108,151,168,179,190,160,170,161,140,158,206,209,191,166]} 1. d4 Nf6 2. c4 e6 3. Nf3 d5 4. g3 Be7 5. Bg2 O-O 6. Nc3 dxc4 7. Ne5 c5 8. dxc5 Qxd1+ 9. Nxd1 Bxc5 10. O-O Nd5 11. Ne3 Bxe3 12. Bxe3 (12. Bxe3 Nxe3 13. fxe3) 12... Nc6 13. Nxc4 Rd8 14. Rfd1 b5 15. Bg5 f6 16. Ne3 Nce7 17. Nxd5 Nxd5 18. Bd2 f5 19. Ba5 Rd7 20. Rd4 Bb7 21. Re1 Re8 22. h4 Ree7 23. Red1 Bc6 24. R4d3 a6 25. R3d2 Bb7 26. Rc1 Kf7 27. Rdc2 h6 28. Re1 Nf6 29. Bxb7 Rxb7 30. Rc6 Ra7 31. Rd1 Red7 32. Rxd7+ Nxd7 33. b3 Nf6 34. f3 Nd5 35. Kf2 Ne7 36. Rb6 Nd5 37. Rd6 Ke7 38. Rd8 Nf6 39. Rb8 Kd6 40. Bb4+ Kc6 41. Bc3 Rf7 42. Bd4 Kd5 43. Bb2 Kc6 44. Bd4 Kd5 45. Rd8+ Nd7 46. Bb2 e5 47. Ra8 Nc5 48. Ba3 Rf6 49. h5 Rc6 50. Ra7 g6 51. Rf7 gxh5 52. Rxf5 Nd7 53. Rxh5 a5 54. Be7 a4 55. Rh1 axb3 56. axb3 e4 57. f4 Re6 58. Bd8 Re8 59. Rh5+ Kd4 60. Ba5 Nf6 61. Rxb5 Ng4+ 62. Kg2 Ke3 63. Kf1 Rc8 64. Rc5 Rb8 (64... Rxc5 65. Bb6 Kd4 66. b4 Ne3+ 67. Kg1 Kd5 68. Bxc5 Ng4 69. Kg2) 65. Rd5 Nh2+ 66. Ke1 Nf3+ 67. exf3 Kxf3 (67... Rxb3 68. fxe4 Rb1+ 69. Rd1) 68. b4 e3 69. f5 Rc8 70. Rc5 Rf8 71. Rc4 (71. Rc4 Rxf5 72. Rf4+ Rxf4 73. gxf4 Kxf4 74. b5 Ke5 75. b6 Kd6 76. b7) 1-0

[Event "56th Biel GMT Classical 2023"]
[Site "Biel"]
[Date "2023.07.18"]
[Round "1.1"]
[White "Deac, Bogdan-Daniel"]
[Black "Le, Quang Liem"]
[Result "0-1"]
[WhiteElo "2693"]
[BlackElo "2728"]
[PlyCount "100"]
[EventDate "2023.??.??"]

{[%evp 0,100,20,20,20,27,27,0,6,6,33,-24,9,9,24,34,35,6,38,60,39,-17,66,11,1,-2,10,13,4,-16,-15,-21,-18,-10,-15,-9,-7,-5,-10,11,29,-2,-9,-5,-12,-12,-8,-9,-12,-12,-15,-19,-9,-16,15,-17,-17,-35,-24,-20,-19,-20,-26,-41,-45,-45,-45,-47,-64,-84,-69,-44,-48,-64,-64,-69,-71,-61,-55,-87,-69,-133,-125,-114,-119,-127,-134,-171,-188,-238,-189,-207,-256,-266,-305,-515,-515,-515,-515,-515,-515,-515,-515]} 1. Nf3 d5 2. d4 Nf6 3. c4 e6 4. Nc3 Bb4 5. Qb3 c5 6. dxc5 Nc6 7. Bg5 Qa5 8. Bxf6 dxc4 9. Qxc4 gxf6 10. Rc1 Qxc5 11. Qb3 Na5 12. Qc2 Bd7 13. a3 Bxc3+ 14. Qxc3 Qxc3+ 15. Rxc3 Ke7 16. b4 Nc6 17. e3 Rac8 18. Kd2 Rhd8 19. Be2 Be8+ 20. Rd3 Ne5 21. Nxe5 fxe5 22. Rxd8 Rxd8+ 23. Kc3 Bc6 24. f3 f5 25. g3 Rg8 26. Rg1 h5 27. Kd2 h4 28. Ke1 Bd5 29. g4 Kf6 30. Kd2 b6 31. Ke1 Rd8 32. Rf1 Bc6 33. e4 fxe4 34. fxe4+ Kg7 35. Rf3 Kg6 36. Rc3 Bxe4 37. Rc7 a5 38. bxa5 bxa5 39. Ra7 Rd5 40. Bc4 (40. Ra6 Kf6 41. Bc4) 40... Rc5 41. Bxe6 Kf6 42. Bg8 Rc2 43. Rxa5 (43. h3 Rc3 44. Rxa5 Rxh3 45. g5+ Kxg5 46. Rxe5+ Kf4 47. Re7 Ke3 48. Bc4 Rh1+ 49. Bf1 h3 50. Re8 h2 51. Rh8 Bg2) 43... Rxh2 44. Bd5 Bd3 45. Bf3 h3 46. g5+ Kxg5 47. Rxe5+ Kf4 48. Rd5 Bc4 (48... Kxf3 49. Rxd3+ Kg2 50. Rd2+ Kg1 51. Rxh2 Kxh2 52. Kf2) 49. Rd4+ Kxf3 50. Rxc4 Ra2 (50... Ra2 51. Rc3+ Kg2 52. Rc8 Rxa3 53. Rg8+ Rg3) 0-1

[Event "56th Biel GMT Classical 2023"]
[Site "Biel"]
[Date "2023.07.19"]
[Round "2.2"]
[White "Erigaisi Arjun"]
[Black "Navara, David"]
[Result "1/2-1/2"]
[WhiteElo "2710"]
[BlackElo "2689"]
[PlyCount "116"]
[EventDate "2023.??.??"]

{[%evp 0,116,28,18,41,58,62,58,58,33,33,30,60,55,66,55,49,41,39,-14,-22,-36,27,-12,25,-20,38,11,32,33,16,5,8,4,16,39,19,-3,-2,-13,21,-25,-3,-18,0,0,0,29,14,14,14,-24,65,48,48,42,41,33,188,213,214,221,211,210,203,203,193,56,68,53,70,78,78,66,0,0,-127,-108,-111,-110,-137,-122,-122,-130,-168,-155,-164,-157,-156,-157,-172,-185,-198,-193,-197,-197,-198,-138,-99,-133,-83,-40,-36,-23,0,0,0,0,0,0,0,0,0,0,0,0,0,0,0]} 1. e4 c5 2. Nf3 d6 3. d4 cxd4 4. Nxd4 Nf6 5. Nc3 a6 6. Bg5 Nbd7 7. Bc4 Qb6 8. Bb3 e6 9. Bxf6 Nxf6 10. Qd2 Nd7 11. O-O-O Nc5 12. Rhe1 g6 13. e5 Nxb3+ 14. axb3 d5 15. Qf4 Be7 16. h4 h6 17. Kb1 Bd7 18. h5 g5 19. Qf3 a5 20. Qd3 Bc5 21. Nxd5 exd5 22. e6 Bxe6 23. Nxe6 fxe6 24. Qxd5 Kf7 25. Qd7+ Be7 26. Rd3 Rh7 27. Rf3+ Kg8 28. Rxe6 Rd8 29. Qxe7 Rxe7 30. Rxb6 Rd1+ 31. Ka2 Ree1 32. b4 a4 33. b3 Ra1+ 34. Kb2 a3+ 35. Kc3 Re7 36. Rg6+ Kh7 37. Rff6 Rc7+ 38. Kd2 a2 39. Rxh6+ Kg8 40. Rhg6+ Rg7 41. Rxg7+ Kxg7 42. Rg6+ Kh7 43. Rxg5 Rb1 44. Ra5 a1=Q 45. Rxa1 Rxa1 46. c4 Kh6 47. Ke3 (47. Kc3 Kxh5 48. Kd4) 47... Kxh5 (47... Rd1 48. g4 (48. b5 Kxh5 49. Ke4 Kg6 50. Ke5 Kf7 51. g4 Ke7 52. f4 Rb1 53. g5 Rxb3 54. g6 Re3+ 55. Kd4 Rg3 56. f5 Kf6 57. Kc5 Kxf5 58. Kb6 Rxg6+ 59. Kxb7 Ke6 60. Kc6 Ke7+ 61. Kc7 Rg4 62. c5 Rg5 63. Kc6 Kd8) 48... Kg5 49. Ke4 Kxg4 50. h6 Kg5 51. h7 Rh1 52. Kd5 Rxh7 53. Kd6 Kf6 54. b5 Rh3 55. b4 Rh4 56. c5 Rxb4 57. c6 Rxb5 58. c7 Rb6+ 59. Kd7 Rc6) 48. Kd4 (48. b5 Rd1) 48... Kg6 49. b5 Rb1 50. Kc5 Rxb3 51. Kb6 Rc3 52. Kxb7 Kf7 53. b6 Ke6 54. Kc7 Rxc4+ 55. Kd8 Rb4 56. Kc7 Rc4+ 57. Kd8 Rd4+ 58. Kc7 Rc4+ 1/2-1/2

[Event "WCh Women 2023"]
[Site "Shanghai/Chongqing CHN"]
[Date "2023.07.05"]
[Round "1.1"]
[White "Lei, Tingjie"]
[Black "Ju, Wenjun"]
[Result "1/2-1/2"]
[WhiteElo "2554"]
[BlackElo "2564"]
[PlyCount "100"]
[EventDate "2023.07.05"]
[EventType "match"]
[EventRounds "12"]
[EventCountry "CHN"]
[SourceTitle "The Week in Chess 1496"]
[Source "Mark Crowther"]
[SourceDate "2023.07.10"]
[SourceVersion "1"]
[SourceVersionDate "2023.07.10"]
[SourceQuality "2"]

1. e4 e5 2. Nf3 Nc6 3. Bb5 Nf6 4. O-O Nxe4 5. Re1 Nd6 6. Nxe5 Be7 7. Bf1 Nxe5 8. Rxe5 O-O 9. d4 Bf6 10. Re1 Re8 11. Nc3 Rxe1 12. Qxe1 Bxd4 13. Bd3 Bxc3 14. Qxc3 Ne8 15. b3 d5 16. Bf4 Be6 17. Re1 Qd7 18. a4 Nd6 19. Re3 Ne4 20. Qxc7 Qxc7 21. Bxc7 Nc5 22. Bf1 Rc8 23. Be5 Nd7 24. Bd3 Nc5 25. Be2 Nd7 26. Bc3 a6 27. h4 Nf8 28. g4 f5 29. gxf5 Bxf5 30. Bf3 Be4 31. Bxe4 dxe4 32. Bb4 Re8 33. Bxf8 Kxf8 34. Kf1 Kf7 35. Ke2 Kf6 36. Rg3 b5 37. axb5 axb5 38. Rg5 Rc8 39. Kd2 Rd8+ 40. Ke3 Rc8 41. Rxb5 Rxc2 42. b4 Rc3+ 43. Kxe4 Rc4+ 44. Kf3 Rxh4 45. Rb6+ Kg5 46. Rb7 g6 47. b5 Rb4 48. Rxh7 Rxb5 49. Kg3 Rb3+ 50. f3 Kf6 1/2-1/2

[Event "WCh Women 2023"]
[Site "Shanghai/Chongqing CHN"]
[Date "2023.07.15"]
[Round "7.1"]
[White "Lei, Tingjie"]
[Black "Ju, Wenjun"]
[Result "1/2-1/2"]
[WhiteElo "2554"]
[BlackElo "2564"]
[PlyCount "129"]
[EventDate "2023.07.05"]
[EventType "match"]
[EventRounds "12"]
[EventCountry "CHN"]
[SourceTitle "The Week in Chess 1497"]
[Source "Mark Crowther"]
[SourceDate "2023.07.17"]
[SourceVersion "1"]
[SourceVersionDate "2023.07.17"]
[SourceQuality "2"]

1. e4 c6 2. d4 d5 3. Nd2 dxe4 4. Nxe4 Bf5 5. Ng3 Bg6 6. h4 h6 7. Nf3 e6 8. Ne5 Bh7 9. Bd3 Bxd3 10. Qxd3 Nd7 11. Qe2 Ngf6 12. O-O Be7 13. Rd1 O-O 14. c4 Qa5 15. Bf4 Rad8 16. Rd3 Nxe5 17. dxe5 Nh7 18. Ne4 Rxd3 19. Qxd3 Bxh4 20. Nd6 Qb6 21. Qe2 Rd8 22. Be3 Qc7 23. Qh5 Bg5 24. f4 g6 25. Qf3 Be7 26. c5 b6 27. b4 bxc5 28. bxc5 Rb8 29. g4 Qa5 30. Rf1 Qc3 31. Ne4 Qd3 32. Kg2 Rb2+ 33. Bf2 Qd5 34. Rd1 Qxa2 35. f5 exf5 36. gxf5 gxf5 37. Qxf5 Qe6 38. Qxe6 fxe6 39. Rd7 Bh4 40. Kf1 Bxf2 41. Nxf2 a5 42. Ra7 Rb5 43. Nd3 Ng5 44. Ra6 Kf7 45. Rxc6 Rb3 46. Ke2 a4 47. Ra6 a3 48. Nf4 Rc3 49. c6 Ke7 50. Kd2 Rc4 51. Nd3 Kf7 52. Rxa3 Rxc6 53. Nf4 Rc4 54. Ra7+ Kf8 55. Nh5 Nf3+ 56. Ke3 Nxe5 57. Nf4 Rc6 58. Ke4 Nc4 59. Ng6+ Ke8 60. Kd4 Nb6 61. Re7+ Kd8 62. Rh7 Nd7 63. Rxh6 e5+ 64. Nxe5 Rxh6 65. Nf7+ 1/2-1/2

[Event "WCh Women 2023"]
[Site "Shanghai/Chongqing CHN"]
[Date "2023.07.21"]
[Round "11.1"]
[White "Lei, Tingjie"]
[Black "Ju, Wenjun"]
[Result "1/2-1/2"]
[WhiteElo "2554"]
[BlackElo "2564"]
[PlyCount "96"]
[EventDate "2023.07.05"]
[EventType "match"]
[EventRounds "12"]
[EventCountry "CHN"]
[SourceTitle "The Week in Chess 1498"]
[Source "Mark Crowther"]
[SourceDate "2023.07.24"]
[SourceVersion "2"]
[SourceVersionDate "2023.07.25"]
[SourceQuality "2"]

1. e4 e5 2. Nf3 Nc6 3. Bc4 Nf6 4. d3 Be7 5. Nc3 d6 6. a4 O-O 7. Bg5 Be6 8. Bxf6 Bxf6 9. Nd5 Bxd5 10. Bxd5 Nb4 11. Bb3 d5 12. exd5 Nxd5 13. O-O c6 14. Re1 Re8 15. Qd2 Re7 16. Re4 Qd6 17. Rae1 Rae8 18. h4 h5 19. g3 g6 20. Qe2 a6 21. a5 Qd7 22. Nd2 Bg7 23. Qf3 f5 24. R4e2 Kh8 25. c3 Qd8 26. Nc4 Kh7 27. Bc2 Qc7 28. Qg2 Nf6 29. f3 Nd5 30. Qf2 Bf6 31. Kg2 Qd8 32. Rh1 Re6 33. Kf1 Kg7 34. Ke1 Rh8 35. Kd1 e4 36. fxe4 fxe4 37. Kc1 e3 38. Nxe3 Rhe8 39. Rhe1 Nxe3 40. Rxe3 Rxe3 41. Rxe3 Rxe3 42. Qxe3 Qxa5 43. d4 Qd5 44. Qd3 Qh1+ 45. Kd2 Qg2+ 46. Kd1 Qg1+ 47. Ke2 Qg2+ 48. Kd1 Qg1+ 1/2-1/2

[Event "35. DSenEM 50+"]
[Site "Bad Wildungen"]
[Date "2023.07.24"]
[Round "8.2"]
[White "Metz, Hartmut"]
[Black "Zude, Arno"]
[Result "1-0"]
[WhiteElo "2175"]
[BlackElo "2348"]
[PlyCount "65"]
[EventDate "2023.??.??"]
[WhiteTeam "SG Rochade Kuppenheim 1979 e.V."]
[BlackTeam "SV 1920 Hofheim"]

{[%evp 0,65,19,38,25,3,-5,-5,1,5,25,-34,-16,16,11,5,-2,7,70,73,88,73,125,46,91,91,80,89,79,92,121,116,121,86,83,96,87,72,86,74,93,65,62,84,81,102,89,77,140,94,119,133,139,163,242,144,159,211,363,339,531,531,568,562,648,618,689,697]} 1. e4 e5 2. f4 exf4 3. Nf3 Nf6 4. e5 Nh5 5. Nc3 d5 6. d4 Nc6 7. Be2 g6 8. O-O Ng7 9. Bxf4 Be7 (9... Nf5 10. Qd2 Be7 11. Nd1 Rg8) 10. Qd2 Nf5 11. Nd1 Rg8 12. Ne3 g5 13. Nxf5 Bxf5 14. Be3 Be6 15. Ne1 Qd7 16. c3 O-O-O 17. b4 Rdf8 18. a4 f5 19. exf6 Rxf6 20. Rxf6 Bxf6 21. Nd3 b6 22. a5 h6 23. Bf2 Ne7 24. Qa2 Qc6 25. b5 Qb7 26. Bg3 Ng6 27. axb6 axb6 28. Rf1 Be7 29. Bh5 Kd8 30. Qe2 Bd7 31. Rf7 Ba3 32. Bxg6 Rxg6 33. Rxd7+ (33. Rxd7+ Kxd7 34. Ne5+ Kc8 35. Nxg6) 1-0

[Event "DSEM 50+"]
[Site "?"]
[Date "2023.07.25"]
[Round "9"]
[White "Zude, Arno"]
[Black "Syre, Christian"]
[Result "1-0"]
[WhiteElo "2348"]
[BlackElo "2169"]
[PlyCount "59"]
[EventDate "2023.??.??"]

{[%evp 0,59,19,29,40,45,108,67,62,42,62,38,78,50,51,49,49,26,55,27,44,-4,23,11,29,71,97,106,96,80,96,96,98,87,80,99,90,50,42,68,55,44,44,26,60,69,84,70,85,33,55,46,44,47,103,126,126,129,272,272,266,268]} 1. e4 c5 2. Nf3 d6 3. d4 cxd4 4. Nxd4 Nf6 5. Nc3 g6 6. Be2 Bg7 7. O-O O-O 8. Bg5 Nbd7 9. Re1 a6 10. Bf1 Qb6 11. Nb3 e6 12. Qd2 Re8 13. Rad1 Bf8 14. Qf4 Nh5 15. Qh4 f6 16. Be3 Qc7 17. a4 b6 18. f4 Ng7 19. g4 Bb7 20. Bg2 Rac8 21. Qf2 Nc5 22. f5 Qf7 23. Nd4 (23. Nxc5 bxc5 24. fxg6 Qxg6 25. Bc1) 23... Nd7 24. fxe6 Nxe6 25. Nxe6 Qxe6 26. h3 Rxc3 27. bxc3 Rc8 28. Bd4 Rc4 29. e5 Bxg2 30. exf6 1-0

[Event "PCA-Wch Candidats sf1"]
[Site "Linares"]
[Date "1994.??.??"]
[Round "5"]
[White "Kamsky, Gata"]
[Black "Short, Nigel D"]
[Result "1-0"]
[WhiteElo "2695"]
[BlackElo "2665"]
[PlyCount "47"]
[EventDate "1994.09.??"]
[EventType "match"]
[EventRounds "7"]
[EventCountry "ESP"]
[SourceTitle "CBM 43"]
[Source "ChessBase"]
[SourceQuality "1"]

{[%evp 0,47,23,27,32,-11,-11,-11,29,29,29,28,25,20,31,36,33,23,23,23,26,2,3,3,14,11,12,-3,9,10,30,0,0,0,0,-9,20,-33,30,30,45,35,35,0,22,35,24,33,450,450]} 1. d4 Nf6 2. c4 e6 3. Nc3 Bb4 4. e3 c5 5. Bd3 Nc6 6. Nge2 (6. Nf3 Bxc3+ 7. bxc3) 6... cxd4 7. exd4 d5 8. cxd5 Nxd5 (8... exd5) 9. O-O Bd6 (9... O-O 10. Bc2 Re8 11. Qd3 g6 12. Rd1 Bf8) 10. Ne4 Be7 11. a3 O-O 12. Bc2 Re8 13. Qd3 g6 14. Bh6 b6 15. Rad1 Bb7 16. Rfe1 Rc8 17. Bb3 a6 18. N2g3 Nb8 (18... Na5 19. Ba2 Bh4) 19. Qf3 Rc7 (19... Nd7) 20. Nh5 Nd7 (20... gxh5 21. Qg3+ Bg5 22. Bxg5) (20... f5 21. Nc3 Nxc3 22. Bxe6+ Kh8 23. Bg7#) 21. h4 N7f6 (21... Bxh4 22. Nd6 Re7 23. Re4) (21... b5 22. Ng7 Rf8 23. h5) (21... N5f6 22. Nhxf6+ Nxf6 23. d5) 22. Nhxf6+ Nxf6 23. d5 Nxe4 (23... exd5 24. Nxf6+ Bxf6 25. Qxf6 Rxe1+ 26. Rxe1 Qxf6 27. Re8#) (23... Nxd5 24. Bxd5 Bxd5 25. Rxd5 Qxd5 (25... exd5 26. Nf6+ Bxf6 27. Rxe8+ Qxe8 28. Qxf6 Qe1+ 29. Kh2) 26. Nf6+ Bxf6 27. Qxf6) (23... e5 24. d6) 24. dxe6 1-0

[Event "Geza Hetenyi Mem 2023"]
[Site "Budapest HUN"]
[Date "2023.07.16"]
[Round "6.3"]
[White "Matlakov, M.."]
[Black "Shevchenko, Kirill"]
[Result "1-0"]
[WhiteElo "2673"]
[BlackElo "2694"]
[PlyCount "69"]
[EventDate "2023.07.11"]
[EventType "tourn"]
[EventRounds "9"]
[EventCountry "HUN"]
[EventCategory "17"]
[SourceTitle "The Week in Chess 1497"]
[Source "Mark Crowther"]
[SourceDate "2023.07.17"]
[SourceVersion "1"]
[SourceVersionDate "2023.07.17"]
[SourceQuality "2"]

1. Nf3 d5 2. d4 Nf6 3. c4 c6 4. e3 Bf5 5. Nc3 e6 6. Bd3 Bxd3 7. Qxd3 Nbd7 8. O-O Bd6 9. e4 dxe4 10. Nxe4 Nxe4 11. Qxe4 Nf6 12. Qh4 O-O 13. Bg5 Be7 14. Rad1 h6 15. Bc1 b5 16. b3 bxc4 17. bxc4 c5 18. Ne5 cxd4 19. Nc6 Qc7 20. Nxe7+ Qxe7 21. Rxd4 Rfd8 22. Rg4 h5 23. Rg3 Rd7 24. Bg5 Kf8 25. Rf3 Ke8 26. Bxf6 gxf6 27. Qxh5 f5 28. Re1 Kd8 29. Qh8+ Qe8 30. Qe5 Qe7 31. Rh3 Kc8 32. Rh8+ Rd8 33. Rd1 Rf8 34. Rxf8+ Qxf8 35. Qb5 1-0